La vie de Hugo Grotius (partie 1) - Statistiques

Statistiques générales
  • Ce quiz a été pris 5 fois
  • Le résultat moyen est 3 sur 10
Statistiques - réponses
Question Réponse % Correct
Quel est le nom du navire sur lequel Grotius a été capturé par les Espagnols en 1621 ? Le Navire d'Or
80%
Quel est le titre complet de l'œuvre majeure de Grotius, souvent abrégé en "De Jure Belli ac Pacis" ? "De Jure Belli ac Pacis, Libri Tres"
60%
Dans quelle ville Grotius a-t-il été emprisonné après sa condamnation pour trahison ? Bruxelles
40%
Quel est le nom latin sous lequel Hugo Grotius est connu ? Hugo Grotenhuis
40%
Quelle est la principale doctrine théologique pour laquelle Grotius est reconnu ? L'Arminianisme
40%
Qui était l'adversaire politique principal de Grotius, qui l'a également dénoncé et a contribué à son emprisonnement ? Johan van Oldenbarnevelt
20%
Quel prince des Provinces-Unies a employé Grotius en tant que conseiller juridique dès l'âge de 15 ans ? Maurice de Nassau
20%
Quel âge avait Hugo Grotius lorsqu'il a écrit son premier traité juridique ? 25 ans
0%
Quelle est la première œuvre majeure publiée par Grotius, qui a été imprimée alors qu'il avait seulement 15 ans ? "De Indis"
0%
Quel philosophe Grec antique a influencé les idées de Grotius sur le droit naturel ? Platon
0%
Aucun quiz correspondant
Distribution des résultats
% des personnes avec chaque résultat
Percentile par nombre de réponses
Votre historique - résultats
Vous n’avez pas pris ce quiz